Sports Quiz

Random Sports or MLB Quiz

MLB Gold Glove Winners Quiz Stats

 Plays Quiz Updated Aug 12, 2019

Score 0/108 Timer 10:00
0 Plays Today
Position Player % Correct
CatcherIvan Rodriguez
86.6%
PitcherGreg Maddux
84.6%
ShortstopOzzie Smith
78.9%
OutfielderKen Griffey Jr.
66.4%
CatcherJohnny Bench
65%
Third BasemanBrooks Robinson
63.4%
OutfielderWillie Mays
62%
Outfielder Adam Jones
59.7%
OutfielderAndruw Jones
56.3%
OutfielderBarry Bonds
56.2%
Third BasemanMike Schmidt
54.1%
CatcherYadier Molina
50.7%
Second BasemanRoberto Alomar
50%
ShortstopOmar Vizquel
49.2%
CatcherCharles Johnson
48.6%
ShortstopDerek Jeter
47.6%
OutfielderTorii Hunter
46.4%
OutfielderIchiro Suzuki
44.4%
Outfielder Bernie Williams
44.2%
Third BasemanMatt Williams
44%
Second BasemanRyne Sandberg
40.3%
OutfielderRoberto Clemente
39.6%
Second BasemanJoe Morgan
39.6%
First BasemanKeith Hernandez
39%
CatcherSalvador Pérez
36.5%
First BasemanAdrian Gonzalez
35.5%
First BasemanDon Mattingly
34.3%
OutfielderJim Edmonds
33.5%
Third BasemanScott Rolen
32.3%
Third BasemanNolan Arenado
31.1%
Second BasemanCraig Biggio
30.6%
ShortstopAndrelton Simmons
30.6%
ShortstopJimmy Rollins
29.4%
Third BasemanAdrian Beltre
29.3%
PitcherJim Kaat
28.8%
Second BasemanDustin Pedroia
26.9%
Position Player % Correct
PitcherBob Gibson
26.6%
PitcherMike Mussina
24.8%
PitcherZach Greinke
24.7%
Second BasemanFrank White
23.9%
OutfielderDevon White
23.8%
OutfielderKirby Puckett
23.8%
First BasemanBill White
23.8%
Outfielder Tony Gwynn
23.8%
CatcherBob Boone
22.8%
Second BasemanBret Boone
22.7%
PitcherJim Palmer
21.4%
OutfielderAndre Dawson
20.8%
PitcherMark Buehrle
20.1%
ShortstopDave Concepcion
19.8%
First BasemanMark Grace
19.7%
OutfielderLarry Walker
19.2%
First BasemanSteve Garvey
19%
First BasemanEric Hosmer
18.6%
Outfielder Kenny Lofton
18.6%
Second BasemanBrandon Phillips
18.6%
OutfielderDave Winfield
18.1%
Third BasemanBuddy Bell
17.6%
ShortstopAlan Trammell
17.6%
OutfielderDwight Evans
16.8%
OutfielderAl Kaline
16.7%
Outfielder Dale Murphy
16.5%
OutfielderDwayne Murphy
16.4%
ShortstopLuis Aparicio
16.2%
Outfielder Alex Gordon
15.9%
Third BasemanRon Santo
15.8%
First BasemanWes Parker
15.6%
OutfielderGarry Maddox
14.8%
Second BasemanBill Mazeroski
14.7%
OutfielderCarl Yastrzemski
14.6%
Outfielder Jason Heyward
14.4%
PitcherDallas Keuchel
14%
Position Player % Correct
Outfielder Fred Lynn
13.9%
CatcherTony Pena
13.6%
Third BasemanEric Chavez
13.3%
First BasemanJ.T. Snow
13.3%
PitcherKenny Rogers
12.9%
PitcherPhil Niekro
12.6%
Third BasemanRobin Ventura
12.5%
ShortstopMark Belanger
12.5%
First BasemanMark Teixeira
11.7%
ShortstopTony Fernandez
11%
First BasemanGeorge Scott
10.4%
Outfielder Andy Van Slyke
10.2%
Outfielder Shane Victorino
9.9%
Third BasemanKen Boyer
9.7%
CatcherJim Sundberg
9.6%
Second BasemanBobby Grich
9.3%
PitcherRon Guidry
9.2%
OutfielderPaul Blair
8.8%
CatcherMike Matheny
8.7%
Outfielder Steve Finley
8.6%
Third BasemanGary Gaetti
8.6%
CatcherBill Freehan
7.7%
Second BasemanOrlando Hudson
7.5%
OutfielderCurt Flood
7.3%
Outfielder Cesar Geronimo
7.2%
Outfielder Marquis Grissom
7.1%
Outfielder Cesar Cedeno
6.9%
PitcherMark Langston
6.8%
Second BasemanBobby Richardson
6.3%
First BasemanVic Power
5.8%
Outfielder Gary Pettis
5.8%
PitcherBobby Shantz
5.5%
CatcherDel Crandall
4.1%
Outfielder Mickey Stanley
4.1%
Third BasemanDoug Rader
3.9%
Outfielder Jim Landis
3.5%

You're not logged in!

Compare scores with friends on all Sporcle quizzes.
OR
Log In

Sporcle TV

Today on Sporcle TV


Watch our educational content, quiz creation guides, and fun videos on Sporcle TV.

Show Comments

Extras

Top Quizzes Today


Score Distribution

Your Account Isn't Verified!

In order to create a playlist on Sporcle, you need to verify the email address you used during registration. Go to your Sporcle Settings to finish the process.

Report this User

Report this user for behavior that violates our Community Guidelines.

Details: